000 00403nam a2200145Ia 4500
008 100204s9999 xx 000 0 und d
082 _b18608
100 _aदिघे प्रभाकर
245 _aतिमिर
260 _b"सुयोग प्रकाशन , पुणे"
_c1995
300 _a186
630 _aतिमिर
730 _aतिमिर
942 _cBOOK
999 _c463031
_d463028